[Event "DVM U14 2022"]
[Site "Kelheim GER"]
[Date "2022.12.27"]
[Round "1"]
[White "Eichner, Tim"]
[Black "Ensslen, Jakob"]
[Result "1-0"]
[Termination "normal"]
[Board "7.4"]
[WhiteElo "1551"]
[BlackElo "1345"]
[WhiteClock "00:40:58"]
[BlackClock "00:38:19"]
[WhiteTeam "USV TU Dresden"]
[BlackTeam "Karlsruher SF 1853"]
[PlyCount "43"]
[WhiteFideId "34617213"]
[BlackFideId "34640258"]
[EventCountry "GER"]
[EventRounds "7"]
[EventType "team-swiss"]
[EventDate "2022.12.26"]

1. e4 {[%clk 01:30:58]} {[%emt 00:00:02]} c5 {[%clk 01:30:49]} {[%emt
00:00:11]} 2. Nf3 {[%clk 01:31:21]} {[%emt 00:00:07]} Nc6 {[%clk 01:31:08]}
{[%emt 00:00:10]} 3. Bc4 {[%clk 01:31:29]} {[%emt 00:00:23]} e6 {[%clk
01:31:29]} {[%emt 00:00:09]} 4. O-O {[%clk 01:31:36]} {[%emt 00:00:23]} d5
{[%clk 01:31:17]} {[%emt 00:00:42]} 5. exd5 {[%clk 01:31:55]} {[%emt 00:00:11]}
exd5 {[%clk 01:31:36]} {[%emt 00:00:11]} 6. Bb3 {[%clk 01:31:45]} {[%emt
00:00:40]} Bd6 {[%clk 01:29:52]} {[%emt 00:02:13]} 7. c3 {[%clk 01:28:17]}
{[%emt 00:03:58]} Bf5 {[%clk 01:28:14]} {[%emt 00:02:09]} 8. d4 {[%clk
01:27:20]} {[%emt 00:01:27]} Nf6 {[%clk 01:19:40]} {[%emt 00:09:04]} 9. Re1
{[%clk 01:26:00]} {[%emt 00:01:50]} Ne7 {[%clk 01:16:14]} {[%emt 00:03:56]} 10.
Bg5 {[%clk 01:18:23]} {[%emt 00:08:07]} a6 {[%clk 01:06:52]} {[%emt 00:09:51]}
11. Bxf6 {[%clk 01:17:49]} {[%emt 00:01:04]} gxf6 {[%clk 01:06:31]} {[%emt
00:00:51]} 12. dxc5 {[%clk 01:14:03]} {[%emt 00:04:16]} Bxc5 {[%clk 01:03:48]}
{[%emt 00:03:13]} 13. Qxd5 {[%clk 01:08:53]} {[%emt 00:05:40]} Qb6 {[%clk
00:56:26]} {[%emt 00:07:52]} 14. Qxf7 {[%clk 00:53:46]} {[%emt 00:15:37]} Kd8
{[%clk 00:56:04]} {[%emt 00:00:53]} 15. Re2 {[%clk 00:50:16]} {[%emt 00:03:59]}
Rc8 {[%clk 00:46:57]} {[%emt 00:09:37]} 16. Qg7 {[%clk 00:46:26]} {[%emt
00:04:20]} Ng6 {[%clk 00:44:04]} {[%emt 00:03:21]} 17. Rd2 {[%clk 00:43:34]}
{[%emt 00:03:23]} Bd6 {[%clk 00:42:55]} {[%emt 00:01:39]} 18. Qxf6 {[%clk
00:42:36]} {[%emt 00:01:28]} Ke8 {[%clk 00:39:45]} {[%emt 00:03:40]} 19. Rxd6
{[%clk 00:40:49]} {[%emt 00:02:17]} Qc5 {[%clk 00:38:35]} {[%emt 00:01:39]} 20.
Bf7 {[%clk 00:40:47]} {[%emt 00:00:33]} Kf8 {[%clk 00:38:15]} {[%emt 00:00:51]}
21. Bxg6 {[%clk 00:41:06]} {[%emt 00:00:11]} Kg8 {[%clk 00:38:19]} {[%emt
00:00:25]} 22. Qf7# {[%clk 00:40:58]} {[%emt 00:00:08]} 1-0

[Event "DVM U14 2022"]
[Site "Kelheim GER"]
[Date "2022.12.27"]
[Round "1"]
[White "Wunderlich, Elias"]
[Black "Melestean, Maxim"]
[Result "1-0"]
[Termination "normal"]
[Board "8.1"]
[WhiteElo "1789"]
[BlackElo "1315"]
[WhiteClock "01:30:59"]
[BlackClock "01:30:53"]
[WhiteTeam "SC Garching 1980 e.V."]
[BlackTeam "Schachklub König Plauen"]
[PlyCount "103"]
[WhiteFideId "34608087"]
[BlackFideId "16280393"]
[EventCountry "GER"]
[EventRounds "7"]
[EventType "team-swiss"]
[EventDate "2022.12.26"]

1. e4 {[%emt 00:00:02]} c6 2. d4 d5 3. e5 Bf5 4. h4 Qc7 5. Nc3 f6 6. Bf4 Nd7 7.
Nh3 Qb6 8. b3 e6 9. Na4 Qa5 10. Qd2 Qxd2 11. Kxd2 Be7 12. h5 Rc8 13. f3 h6 14.
Re1 Kf7 15. Nf2 c5 16. Nxc5 Nxc5 17. dxc5 Bxc5 18. Nd3 Bxd3 19. Kxd3 Bb4 20.
Bd2 Bxd2 21. Kxd2 Ne7 22. Bd3 Rc6 23. Rh4 b6 24. Ra4 a5 25. b4 axb4 26. Rxb4
Ra8 27. a4 f5 28. g4 g6 29. hxg6 Kxg6 30. Rg1 Kh7 31. Rgb1 Ng6 32. Rxb6 Rxb6
33. Rxb6 Nxe5 34. Rxe6 Nxd3 35. Kxd3 fxg4 36. fxg4 Rxa4 37. Rd6 Rxg4 38. Rxd5
Rg3 39. Kd4 Rg4 40. Kc5 Rg5 41. c4 Kg6 42. Kb6 h5 43. Rd6 Kf7 44. c5 Rg1 45. c6
Rb1 46. Ka7 Ke7 47. Rd7 Ke8 48. Rb7 Rc1 49. c7 h4 50. Kb8 h3 51. c8=Q Rxc8 52.
Kxc8 {[%clk 01:30:59]} 1-0

[Event "DVM U14 2022"]
[Site "Kelheim GER"]
[Date "2022.12.27"]
[Round "1"]
[White "Akladius, Kyrillus"]
[Black "Sajka, Noah"]
[Result "0-1"]
[Termination "normal"]
[Board "8.2"]
[WhiteElo "1245"]
[BlackElo "1233"]
[WhiteClock "00:25:49"]
[BlackClock "00:49:27"]
[WhiteTeam "Schachklub König Plauen"]
[BlackTeam "SC Garching 1980 e.V."]
[PlyCount "54"]
[WhiteFideId "16267036"]
[BlackFideId "34608192"]
[EventCountry "GER"]
[EventRounds "7"]
[EventType "team-swiss"]
[EventDate "2022.12.26"]

1. e4 {[%clk 01:30:59]} {[%emt 00:00:02]} c5 {[%clk 01:30:53]} {[%emt
00:00:08]} 2. Nc3 {[%clk 01:31:25]} {[%emt 00:00:04]} Nc6 {[%clk 01:31:10]}
{[%emt 00:00:12]} 3. Nf3 {[%clk 01:31:45]} {[%emt 00:00:10]} Nf6 {[%clk
01:31:23]} {[%emt 00:00:16]} 4. d4 {[%clk 01:32:07]} {[%emt 00:00:08]} cxd4
{[%clk 01:31:36]} {[%emt 00:00:17]} 5. Nxd4 {[%clk 01:32:33]} {[%emt 00:00:05]}
e5 {[%clk 01:31:41]} {[%emt 00:00:25]} 6. Ndb5 {[%clk 01:32:51]} {[%emt
00:00:13]} d6 {[%clk 01:31:49]} {[%emt 00:00:21]} 7. Bg5 {[%clk 01:32:09]}
{[%emt 00:01:12]} a6 {[%clk 01:32:08]} {[%emt 00:00:11]} 8. Na3 {[%clk
01:32:30]} {[%emt 00:00:09]} b5 {[%clk 01:32:01]} {[%emt 00:00:37]} 9. Nd5
{[%clk 01:32:27]} {[%emt 00:00:32]} Be7 {[%clk 01:31:42]} {[%emt 00:00:49]} 10.
c4 {[%clk 01:10:52]} {[%emt 00:22:05]} b4 {[%clk 01:15:45]} {[%emt 00:16:28]}
11. Bxf6 {[%clk 01:05:29]} {[%emt 00:05:54]} Bxf6 {[%clk 01:12:55]} {[%emt
00:03:19]} 12. Nxb4 {[%clk 01:04:46]} {[%emt 00:01:13]} Qa5 {[%clk 01:07:09]}
{[%emt 00:06:15]} 13. Qxd6 {[%clk 00:59:08]} {[%emt 00:06:09]} Qxb4 {[%clk
01:06:33]} {[%emt 00:01:06]} 14. Qxb4 {[%clk 00:59:32]} {[%emt 00:00:06]} Nxb4
{[%clk 01:06:59]} {[%emt 00:00:04]} 15. Be2 {[%clk 00:53:14]} {[%emt 00:06:47]}
O-O {[%clk 01:05:49]} {[%emt 00:01:40]} 16. O-O {[%clk 00:51:42]} {[%emt
00:02:02]} Be6 {[%clk 01:04:10]} {[%emt 00:02:10]} 17. b3 {[%clk 00:51:09]}
{[%emt 00:01:03]} Rfd8 {[%clk 01:01:12]} {[%emt 00:03:27]} 18. Rfd1 {[%clk
00:38:17]} {[%emt 00:13:23]} Rd4 {[%clk 01:00:55]} {[%emt 00:00:47]} 19. Rxd4
{[%clk 00:37:08]} {[%emt 00:01:39]} exd4 {[%clk 01:00:55]} {[%emt 00:00:28]}
20. f4 {[%clk 00:36:47]} {[%emt 00:00:54]} d3 {[%clk 00:59:38]} {[%emt
00:01:46]} 21. e5 {[%clk 00:37:12]} {[%emt 00:00:04]} dxe2 {[%clk 00:59:27]}
{[%emt 00:00:42]} 22. exf6 {[%clk 00:37:37]} {[%emt 00:00:05]} Nd3 {[%clk
00:59:40]} {[%emt 00:00:16]} 23. Nc2 {[%clk 00:37:57]} {[%emt 00:00:09]} Rd8
{[%clk 00:59:32]} {[%emt 00:00:39]} 24. fxg7 {[%clk 00:36:33]} {[%emt
00:01:55]} Bf5 {[%clk 00:55:13]} {[%emt 00:04:49]} 25. g3 {[%clk 00:25:47]}
{[%emt 00:11:16]} Nc1 {[%clk 00:51:30]} {[%emt 00:04:13]} 26. Ne1 {[%clk
00:25:24]} {[%emt 00:00:52]} Rd1 {[%clk 00:49:46]} {[%emt 00:02:14]} 27. Kf2
{[%clk 00:25:49]} {[%emt 00:00:05]} Nxb3 {[%clk 00:49:27]} {[%emt 00:00:49]}
0-1

[Event "DVM U14 2022"]
[Site "Kelheim GER"]
[Date "2022.12.27"]
[Round "1"]
[White "Chua, Daniel James"]
[Black "Rühmer, Nico"]
[Result "1/2-1/2"]
[Termination "normal"]
[Board "8.3"]
[WhiteElo "1416"]
[BlackElo "1391"]
[WhiteClock "00:57:57"]
[BlackClock "00:19:19"]
[WhiteTeam "SC Garching 1980 e.V."]
[BlackTeam "Schachklub König Plauen"]
[PlyCount "50"]
[WhiteFideId "34608354"]
[BlackFideId "34640339"]
[EventCountry "GER"]
[EventRounds "7"]
[EventType "team-swiss"]
[EventDate "2022.12.26"]

1. e4 {[%clk 01:31:00]} c5 {[%clk 01:30:52]} {[%emt 00:00:08]} 2. d4 {[%clk
01:30:43]} {[%emt 00:00:47]} cxd4 {[%clk 01:31:09]} {[%emt 00:00:12]} 3. c3
{[%clk 01:31:11]} {[%emt 00:00:03]} dxc3 {[%clk 01:31:04]} {[%emt 00:00:34]} 4.
Nxc3 {[%clk 01:31:32]} {[%emt 00:00:10]} Nc6 {[%clk 01:30:37]} {[%emt
00:00:57]} 5. Nf3 {[%clk 01:31:41]} {[%emt 00:00:21]} d6 {[%clk 01:30:27]}
{[%emt 00:00:40]} 6. Bc4 {[%clk 01:32:06]} {[%emt 00:00:05]} e6 {[%clk
01:30:05]} {[%emt 00:00:51]} 7. O-O {[%clk 01:32:15]} {[%emt 00:00:20]} Be7
{[%clk 01:30:11]} {[%emt 00:00:24]} 8. Bf4 {[%clk 01:32:08]} {[%emt 00:00:38]}
a6 {[%clk 01:24:44]} {[%emt 00:05:57]} 9. Qe2 {[%clk 01:32:14]} {[%emt
00:00:23]} Qc7 {[%clk 01:24:27]} {[%emt 00:00:48]} 10. Rac1 {[%clk 01:32:15]}
{[%emt 00:00:27]} b5 {[%clk 01:21:48]} {[%emt 00:03:10]} 11. Nxb5 {[%emt
00:00:47]} axb5 {[%clk 01:15:08]} {[%emt 00:07:09]} 12. Bxb5 {[%clk 01:32:27]}
{[%emt 00:00:02]} Bd7 {[%clk 01:15:03]} {[%emt 00:00:34]} 13. Qc4 {[%clk
01:32:26]} {[%emt 00:00:31]} Rc8 {[%clk 01:11:32]} {[%emt 00:04:01]} 14. Nd4
{[%clk 01:24:58]} {[%emt 00:07:59]} Nxd4 {[%clk 01:07:53]} {[%emt 00:04:08]}
15. Qxd4 {[%clk 01:24:35]} {[%emt 00:00:53]} Qb7 {[%clk 01:03:43]} {[%emt
00:04:41]} 16. Bxd7 {[%clk 01:18:21]} {[%emt 00:06:44]} Qxd7 {[%clk 00:56:50]}
{[%emt 00:07:22]} 17. Qxg7 {[%clk 01:14:47]} {[%emt 00:04:05]} Bf6 {[%clk
00:55:51]} {[%emt 00:01:28]} 18. Qg3 {[%clk 01:13:13]} {[%emt 00:02:04]} e5
{[%clk 00:51:03]} {[%emt 00:05:19]} 19. Bg5 {[%clk 01:12:29]} {[%emt 00:01:14]}
Bxg5 {[%clk 00:48:07]} {[%emt 00:03:25]} 20. Qxg5 {[%clk 01:12:28]} {[%emt
00:00:32]} Ne7 {[%clk 00:47:28]} {[%emt 00:01:08]} 21. Rcd1 {[%clk 01:02:31]}
{[%emt 00:10:27]} Rg8 {[%clk 00:41:00]} {[%emt 00:06:59]} 22. Qf6 {[%clk
01:00:11]} {[%emt 00:02:48]} Rc6 {[%clk 00:37:39]} {[%emt 00:03:53]} 23. f4
{[%clk 00:58:32]} {[%emt 00:02:10]} Rc2 {[%clk 00:33:24]} {[%emt 00:04:44]} 24.
Rf2 {[%clk 00:58:01]} {[%emt 00:01:01]} Qa7 {[%clk 00:33:38]} {[%emt 00:00:16]}
25. Rdf1 {[%clk 00:57:57]} {[%emt 00:00:33]} Ng6 {[%clk 00:19:19]} {[%emt
00:14:49]} 1/2-1/2

[Event "DVM U14 2022"]
[Site "Kelheim GER"]
[Date "2022.12.27"]
[Round "1"]
[White "da Costa Silva, Pepe"]
[Black "Lange, Tobias"]
[Result "0-1"]
[Termination "normal"]
[Board "8.4"]
[WhiteElo "1103"]
[BlackElo "1472"]
[WhiteClock "00:43:14"]
[BlackClock "00:33:37"]
[WhiteTeam "Schachklub König Plauen"]
[BlackTeam "SC Garching 1980 e.V."]
[PlyCount "84"]
[WhiteFideId "16282000"]
[BlackFideId "34608281"]
[EventCountry "GER"]
[EventRounds "7"]
[EventType "team-swiss"]
[EventDate "2022.12.26"]

1. e4 {[%clk 01:30:58]} {[%emt 00:00:02]} e5 {[%clk 01:30:57]} {[%emt
00:00:04]} 2. Nf3 {[%clk 01:31:16]} {[%emt 00:00:12]} Nf6 {[%clk 01:31:22]}
{[%emt 00:00:05]} 3. Nxe5 {[%clk 01:31:19]} {[%emt 00:00:26]} d6 {[%clk
01:31:45]} {[%emt 00:00:07]} 4. Nf3 {[%clk 01:31:35]} {[%emt 00:00:14]} Nxe4
{[%clk 01:32:10]} {[%emt 00:00:06]} 5. Nc3 {[%clk 01:31:51]} {[%emt 00:00:12]}
Nxc3 {[%clk 01:31:54]} {[%emt 00:00:47]} 6. dxc3 {[%clk 01:32:12]} {[%emt
00:00:09]} Bf5 {[%clk 01:31:35]} {[%emt 00:00:49]} 7. Be3 {[%clk 01:31:40]}
{[%emt 00:01:02]} d5 {[%clk 01:27:30]} {[%emt 00:04:36]} 8. Qd2 {[%clk
01:30:11]} {[%emt 00:01:58]} c6 {[%clk 01:23:13]} {[%emt 00:04:47]} 9. O-O-O
{[%clk 01:27:15]} {[%emt 00:03:26]} Nd7 {[%clk 01:23:01]} {[%emt 00:00:42]} 10.
Bd3 {[%clk 01:25:17]} {[%emt 00:02:28]} Bxd3 {[%clk 01:19:20]} {[%emt
00:04:10]} 11. Qxd3 {[%clk 01:24:45]} {[%emt 00:01:03]} Qc7 {[%clk 01:14:49]}
{[%emt 00:05:01]} 12. g3 {[%clk 01:21:19]} {[%emt 00:03:56]} Bd6 {[%clk
01:11:35]} {[%emt 00:03:45]} 13. Bg5 {[%clk 01:12:57]} {[%emt 00:08:51]} f6
{[%clk 01:08:09]} {[%emt 00:03:57]} 14. Rhe1 {[%clk 01:11:55]} {[%emt
00:01:30]} Kf7 {[%clk 01:02:21]} {[%emt 00:06:19]} 15. Be3 {[%clk 01:08:53]}
{[%emt 00:03:32]} Ne5 {[%clk 00:56:42]} {[%emt 00:06:09]} 16. Nxe5 {[%clk
01:08:33]} {[%emt 00:00:49]} Bxe5 {[%clk 00:56:58]} {[%emt 00:00:15]} 17. Bd4
{[%emt 00:03:18]} Rae8 {[%clk 00:54:43]} 18. Rd2 {[%clk 01:04:22]} {[%emt
00:04:39]} Bxd4 {[%clk 00:48:23]} {[%emt 00:06:50]} 19. Rxe8 {[%clk 01:02:55]}
{[%emt 00:01:56]} Rxe8 {[%clk 00:48:12]} {[%emt 00:00:41]} 20. cxd4 {[%clk
01:03:04]} {[%emt 00:00:20]} Re1 {[%clk 00:47:23]} {[%emt 00:01:21]} 21. Rd1
{[%clk 01:03:23]} {[%emt 00:00:10]} Qe7 {[%clk 00:46:15]} {[%emt 00:01:38]} 22.
Kd2 {[%clk 01:00:01]} {[%emt 00:03:45]} Qb4 {[%clk 00:45:13]} {[%emt 00:01:39]}
23. Kc1 {[%clk 00:59:35]} {[%emt 00:00:55]} Qa5 {[%clk 00:43:47]} {[%emt
00:01:57]} 24. Qb3 {[%clk 00:55:20]} {[%emt 00:04:45]} b6 {[%clk 00:40:05]}
{[%emt 00:04:13]} 25. c3 {[%clk 00:54:08]} {[%emt 00:01:41]} Re2 {[%clk
00:37:26]} {[%emt 00:03:09]} 26. Rd2 {[%clk 00:53:15]} {[%emt 00:01:23]} Qa6
{[%clk 00:36:34]} {[%emt 00:01:23]} 27. a3 {[%clk 00:51:53]} {[%emt 00:01:50]}
Re1 {[%clk 00:36:10]} {[%emt 00:00:55]} 28. Rd1 {[%clk 00:50:34]} {[%emt
00:01:50]} Qe2 {[%clk 00:35:30]} {[%emt 00:01:09]} 29. Qc2 {[%clk 00:48:49]}
{[%emt 00:02:15]} Rxd1 {[%clk 00:33:30]} {[%emt 00:02:31]} 30. Qxd1 {[%clk
00:48:51]} {[%emt 00:00:27]} Qxf2 {[%clk 00:33:15]} {[%emt 00:00:45]} 31. Qh5
{[%clk 00:48:09]} {[%emt 00:01:10]} Ke7 {[%clk 00:33:15]} {[%emt 00:00:31]} 32.
Qxh7 {[%clk 00:47:11]} {[%emt 00:01:28]} Qe1 {[%clk 00:33:21]} {[%emt
00:00:25]} 33. Kc2 {[%clk 00:46:50]} {[%emt 00:00:51]} Qe4 {[%clk 00:33:40]}
{[%emt 00:00:11]} 34. Qxe4 {[%clk 00:46:48]} {[%emt 00:00:32]} dxe4 {[%clk
00:34:04]} {[%emt 00:00:06]} 35. Kd2 {[%clk 00:46:40]} {[%emt 00:00:38]} f5
{[%clk 00:34:21]} {[%emt 00:00:13]} 36. Ke3 {[%clk 00:46:14]} {[%emt 00:00:56]}
Kf6 {[%clk 00:33:32]} {[%emt 00:01:20]} 37. Kf4 {[%clk 00:44:43]} {[%emt
00:02:00]} g5 {[%clk 00:33:19]} {[%emt 00:00:43]} 38. Ke3 {[%clk 00:44:36]}
{[%emt 00:00:37]} g4 {[%clk 00:33:44]} {[%emt 00:00:06]} 39. Kf4 {[%clk
00:44:36]} {[%emt 00:00:29]} Ke6 {[%clk 00:33:55]} {[%emt 00:00:18]} 40. c4
{[%clk 00:44:12]} {[%emt 00:00:54]} b5 {[%clk 00:33:35]} {[%emt 00:00:51]} 41.
cxb5 {[%clk 00:44:00]} {[%emt 00:00:41]} cxb5 {[%clk 00:33:54]} {[%emt
00:00:12]} 42. b4 {[%clk 00:43:14]} {[%emt 00:01:16]} Kd5 {[%clk 00:33:37]}
{[%emt 00:00:47]} 0-1

[Event "DVM U14 2022"]
[Site "Kelheim GER"]
[Date "2022.12.27"]
[Round "1"]
[White "Schneble, Milan"]
[Black "Nhan, Jinhon Raymon"]
[Result "1/2-1/2"]
[Termination "normal"]
[Board "9.1"]
[WhiteElo "1521"]
[BlackElo "1511"]
[WhiteClock "00:14:55"]
[BlackClock "00:20:37"]
[WhiteTeam "SF Birkenfeld"]
[BlackTeam "Schachvereinigung 1920 Plettenberg e. V."]
[PlyCount "64"]
[WhiteFideId "16266102"]
[BlackFideId "16284690"]
[EventCountry "GER"]
[EventRounds "7"]
[EventType "team-swiss"]
[EventDate "2022.12.26"]

1. d4 {[%clk 01:30:54]} {[%emt 00:00:06]} Nf6 {[%clk 01:30:44]} {[%emt
00:00:16]} 2. Nf3 {[%clk 01:31:00]} {[%emt 00:00:23]} b6 {[%clk 01:30:45]}
{[%emt 00:00:30]} 3. c4 {[%clk 01:30:46]} {[%emt 00:00:44]} e6 {[%clk
01:30:27]} {[%emt 00:00:48]} 4. Nc3 {[%clk 01:30:34]} {[%emt 00:00:41]} Bb7
{[%clk 01:30:38]} {[%emt 00:00:19]} 5. Bg5 {[%clk 01:28:29]} {[%emt 00:02:35]}
Bb4 {[%clk 01:29:49]} {[%emt 00:01:20]} 6. e3 {[%clk 01:25:46]} {[%emt
00:03:13]} O-O {[%clk 01:28:23]} {[%emt 00:01:56]} 7. Be2 {[%clk 01:23:59]}
{[%emt 00:02:16]} d6 {[%clk 01:24:49]} {[%emt 00:04:04]} 8. O-O {[%clk
01:23:16]} {[%emt 00:01:13]} Nbd7 {[%clk 01:22:44]} {[%emt 00:02:36]} 9. Na4
{[%clk 01:06:29]} {[%emt 00:17:17]} d5 {[%clk 01:04:37]} {[%emt 00:18:37]} 10.
c5 {[%clk 01:02:51]} {[%emt 00:04:07]} bxc5 {[%clk 01:03:22]} {[%emt 00:01:46]}
11. a3 {[%clk 01:01:29]} {[%emt 00:01:51]} Ba5 {[%clk 01:02:53]} {[%emt
00:00:59]} 12. Nxc5 {[%clk 00:56:23]} {[%emt 00:05:36]} Qc8 {[%clk 00:56:32]}
{[%emt 00:06:52]} 13. Rc1 {[%clk 00:45:23]} {[%emt 00:11:30]} c6 {[%clk
00:51:32]} {[%emt 00:05:29]} 14. Qa4 {[%clk 00:42:24]} {[%emt 00:03:29]} Nxc5
{[%clk 00:47:37]} {[%emt 00:04:26]} 15. Rxc5 {[%clk 00:38:01]} {[%emt
00:04:52]} Bb6 {[%clk 00:46:29]} {[%emt 00:01:38]} 16. Rc2 {[%clk 00:38:21]}
{[%emt 00:00:10]} Ne4 {[%clk 00:44:50]} {[%emt 00:02:10]} 17. Bf4 {[%clk
00:35:21]} {[%emt 00:03:30]} f6 {[%clk 00:38:13]} {[%emt 00:07:07]} 18. Bd3
{[%clk 00:34:34]} {[%emt 00:01:17]} g5 {[%clk 00:32:40]} {[%emt 00:06:03]} 19.
Bg3 {[%clk 00:28:14]} {[%emt 00:06:50]} Nxg3 {[%clk 00:32:28]} {[%emt
00:00:42]} 20. hxg3 {[%clk 00:28:38]} {[%emt 00:00:05]} Rb8 {[%clk 00:28:35]}
{[%emt 00:04:23]} 21. b4 {[%clk 00:28:08]} {[%emt 00:00:59]} Qd7 {[%clk
00:27:52]} {[%emt 00:01:13]} 22. e4 {[%clk 00:22:48]} {[%emt 00:05:51]} g4
{[%clk 00:20:37]} {[%emt 00:07:45]} 23. Nd2 {[%emt 00:08:22]} Bxd4 24. Nb3 Bb6
25. Nc5 Bxc5 26. Rxc5 Rfd8 27. Rfc1 Qd6 28. Qxa7 Rd7 29. Qa4 Ra8 30. Qb3 Kg7
31. Qc3 d4 32. Qb3 {[%clk 00:14:55]} e5 1/2-1/2

[Event "DVM U14 2022"]
[Site "Kelheim GER"]
[Date "2022.12.27"]
[Round "1"]
[White "Nhan, Jiehou"]
[Black "Ehrlich, Patrick"]
[Result "1-0"]
[Termination "normal"]
[Board "9.2"]
[WhiteElo "1378"]
[BlackElo "1522"]
[WhiteClock "01:01:21"]
[BlackClock "00:39:39"]
[WhiteTeam "Schachvereinigung 1920 Plettenberg e. V."]
[BlackTeam "SF Birkenfeld"]
[PlyCount "47"]
[WhiteFideId "34608214"]
[BlackFideId "34604316"]
[EventCountry "GER"]
[EventRounds "7"]
[EventType "team-swiss"]
[EventDate "2022.12.26"]

1. e4 {[%clk 01:30:53]} {[%emt 00:00:07]} d6 {[%clk 01:30:56]} {[%emt
00:00:05]} 2. d4 {[%clk 01:30:54]} {[%emt 00:00:29]} Nf6 {[%emt 00:00:09]} 3.
Nc3 {[%clk 01:30:39]} {[%emt 00:00:42]} g6 {[%clk 01:31:38]} {[%emt 00:00:12]}
4. Bg5 {[%clk 01:30:13]} {[%emt 00:00:56]} Bg7 {[%clk 01:31:54]} {[%emt
00:00:13]} 5. e5 {[%clk 01:28:22]} {[%emt 00:02:22]} dxe5 {[%clk 01:29:40]}
{[%emt 00:02:44]} 6. dxe5 {[%clk 01:27:29]} {[%emt 00:01:23]} Qxd1 {[%clk
01:27:06]} {[%emt 00:03:04]} 7. Rxd1 {[%clk 01:27:41]} {[%emt 00:00:18]} Ng4
{[%clk 01:24:05]} {[%emt 00:03:31]} 8. h3 {[%clk 01:26:19]} {[%emt 00:01:53]}
Nxe5 {[%clk 01:23:33]} {[%emt 00:01:00]} 9. Nd5 {[%clk 01:26:08]} {[%emt
00:00:41]} O-O {[%clk 01:12:02]} {[%emt 00:12:00]} 10. Nxc7 {[%clk 01:25:39]}
{[%emt 00:01:01]} Bf5 {[%clk 01:12:19]} {[%emt 00:00:13]} 11. Nxa8 {[%clk
01:21:57]} {[%emt 00:04:12]} Rc8 {[%clk 01:08:30]} {[%emt 00:04:18]} 12. Nc7
{[%clk 01:15:50]} {[%emt 00:06:38]} Rxc7 {[%clk 00:49:36]} {[%emt 00:19:24]}
13. Rd8 {[%clk 01:15:34]} {[%emt 00:00:45]} Bf8 {[%clk 00:49:57]} {[%emt
00:00:09]} 14. Rxb8 {[%clk 01:15:23]} {[%emt 00:00:42]} Rxc2 {[%clk 00:49:54]}
{[%emt 00:00:33]} 15. Nf3 {[%clk 01:06:17]} {[%emt 00:09:36]} Nxf3 {[%clk
00:45:18]} {[%emt 00:05:05]} 16. gxf3 {[%clk 01:05:29]} {[%emt 00:01:19]} f6
{[%clk 00:43:39]} {[%emt 00:02:09]} 17. Bh6 {[%clk 01:03:58]} {[%emt 00:02:01]}
Rc8 {[%clk 00:43:32]} {[%emt 00:00:36]} 18. Bc4 {[%clk 01:03:51]} {[%emt
00:00:37]} Kh8 {[%clk 00:41:35]} {[%emt 00:02:28]} 19. Rxc8 {[%clk 01:04:00]}
{[%emt 00:00:20]} Bxc8 {[%clk 00:41:57]} {[%emt 00:00:08]} 20. Bxf8 {[%clk
01:04:24]} {[%emt 00:00:06]} b5 {[%clk 00:41:55]} {[%emt 00:00:32]} 21. Bf7
{[%clk 01:03:22]} {[%emt 00:01:32]} h5 {[%clk 00:41:04]} {[%emt 00:01:21]} 22.
Ke2 {[%clk 01:01:30]} {[%emt 00:02:23]} Bxh3 {[%clk 00:39:14]} {[%emt
00:02:21]} 23. Rxh3 {[%clk 01:00:59]} {[%emt 00:01:00]} h4 {[%clk 00:39:39]}
{[%emt 00:00:05]} 24. Rxh4# {[%clk 01:01:21]} {[%emt 00:00:08]} 1-0